Making history : agency, structure, and change in social theory /

Bibliographic Details
Main Author: Callinicos, Alex
Format: Book
Language:English
Published: Ithaca, N.Y. : Cornell University Press, 1988.
Subjects:

MARC

Tag First Indicator Second Indicator Subfields
LEADER 00000cam a2200000 a 4500
001 in00000014346
005 20151007052207.0
008 870616s1988 nyu b 00110 eng
010 |a  87047766  
020 |a 0801421217 
035 |a (OCoLC)16130521 
035 |9 AAA6711AM 
040 |a DLC  |c DLC  |d UtOrBLW 
049 |a TXAM  |c [A11062541] 
050 0 0 |a BD450  |b .C23 1988 
082 0 |a 128/.4  |2 19 
100 1 |a Callinicos, Alex. 
245 1 0 |a Making history :  |b agency, structure, and change in social theory /  |c Alex Callinicos. 
263 |a 8805 
264 1 |a Ithaca, N.Y. :  |b Cornell University Press,  |c 1988. 
300 |a viii, 275 pages 
336 |a text  |b txt  |2 rdacontent 
337 |a unmediated  |b n  |2 rdamedia 
338 |a volume  |b nc  |2 rdacarrier 
504 |a Bibliography: pages [239]-267. 
500 |a Includes index. 
650 0 |a Agent (Philosophy) 
650 0 |a Act (Philosophy) 
650 0 |a Structuralism. 
650 0 |a Historical materialism. 
650 0 |a Ideology. 
650 0 |a Revolutions  |x Philosophy. 
600 1 0 |a Marx, Karl,  |d 1818-1883. 
999 |a MARS 
999 f f |s 345bc7d3-6c49-3b9f-8785-2ac40ea2c136  |i a937e291-78f3-3314-b4b6-46c06ca1005a  |t 0 
952 f f |p ric  |a Texas A&M University  |b Rellis Campus  |c Joint Library Facility  |d Remote Storage  |t 0  |e BD450 .C23 1988  |h Library of Congress classification  |i unmediated -- volume  |m A14811062541 
998 f f |a BD450 .C23 1988  |t 0  |l Remote Storage